|
|
|
|
| LEADER |
00000nab a2200000 ar4500 |
| 001 |
vtls009969566 |
| 003 |
SK-MaSNL |
| 005 |
20260319074335.0 |
| 008 |
091112c20091024xo |||||||| 000 b|hun |
| 015 |
|
|
|a SNBRB2009/11
|2 snkbucl
|
| 038 |
|
|
|a SNKBUCL
|
| 040 |
|
|
|a DSZK
|b slo
|c DSZK
|e AACR2
|
| 041 |
0 |
|
|a hun
|
| 044 |
|
|
|a xo
|c SK
|
| 080 |
|
|
|a 635.8
|x (234.372.4)
|2 2001
|
| 080 |
|
|
|a 908
|x (437.6-14)
|2 2001
|
| 100 |
1 |
|
|a Lőrincz, Adrián,
|d 1972-
|4 aut
|9 330033
|
| 245 |
1 |
0 |
|a A potypinka, a pecerke, az őzlábú, meg a többiek
|b a gombászás sokak szerint a legszerteágazóbb tevékenység – tudomány, sport és zsákmányszerzés egyszerre
|c Lőrincz Adrián
|
| 300 |
|
|
|b Fotogr.
|
| 650 |
0 |
7 |
|a huby
|2 SNKPH
|9 3562
|
| 650 |
0 |
7 |
|a jedlé huby
|2 SNKPH
|9 86595
|
| 650 |
0 |
7 |
|a hubárstvo
|2 snkbucl
|9 60073
|
| 651 |
|
7 |
|a Malé Karpaty (Slovensko : pohorie)
|2 SNKPHgeo
|9 17931
|
| 773 |
0 |
|
|t Új szó
|g Évf. 62, sz. 246 (24.10.2009), o. 12-13
|x 1335-7050
|
| 773 |
0 |
8 |
|i Mell.:
|t Szalon
|g Évf. 3, sz. 42 (2009)
|
| 852 |
|
|
|a SNK
|b KIS3GCP
|
| 852 |
|
|
|a DSZK
|b KIS3GCP
|
| 958 |
|
|
|a HU
|
| 958 |
|
|
|a SK
|
| 999 |
|
|
|c 1706749
|d 1708679
|